Pokémon - 2° Geração - Statistics

Estatísticas Gerais
  • Esse quiz foi jogado 242 vezes
  • A pontuação média é 63 de 100
Estatísticas das Respostas
Imagem Resposta % Correto
Totodile
91%
Chikorita
90%
Cyndaquil
90%
Pichu
89%
Togepi
84%
Umbreon
84%
Espeon
82%
Meganium
81%
Natu
81%
Crobat
79%
Mareep
79%
Quilava
79%
Xatu
79%
Bayleef
77%
Steelix
77%
Slowking
76%
Ampharos
75%
Feraligatr
75%
Marill
75%
Heracross
74%
Ursaring
74%
Azumarill
73%
Entei
73%
Lugia
73%
Spinarak
72%
Cleffa
71%
Croconaw
71%
Hoothoot
71%
Suicune
71%
Ho-oh
70%
Larvitar
70%
Raikou
70%
Sudowoodo
70%
Typhlosion
70%
Girafarig
68%
Gligar
68%
Teddiursa
68%
Togetic
68%
Tyranitar
68%
Pineco
67%
Sentret
67%
Sentret
67%
Ariados
66%
Slugma
66%
Celebi
65%
Corsola
65%
Ledyba
65%
Scizor
65%
Aipom
64%
Elekid
64%
Miltank
64%
Misdreavus
64%
Sunflora
64%
Unown
64%
Furret
63%
Porygon2
63%
Yanma
63%
Noctowl
62%
Pupitar
62%
Kingdra
61%
Skarmory
61%
Hitmontop
60%
Murkrow
60%
Mantine
58%
Politoed
58%
Quagsire
58%
Sunkern
58%
Wooper
58%
Hoppip
57%
Lanturn
57%
Sneasel
57%
Wobbuffet
57%
Ledian
56%
Magcargo
56%
Blissey
54%
Snubbull
54%
Magby
53%
Remoraid
53%
Bellossom
52%
Houndoom
52%
Delibird
51%
Dunsparce
51%
Granbull
51%
Igglybuff
51%
Phanpy
51%
Shuckle
51%
Piloswine
50%
Chinchou
49%
Tyrogue
46%
Flaafy
44%
Houndour
44%
Octillery
44%
Swinub
44%
Qwilfish
43%
Forretress
42%
Donphan
40%
Smeargle
40%
Jumpluff
37%
Skiploom
37%
Smoochum
34%
Nenhum quiz correspondente encontrado
Distribuição das Pontuações
Porcentagem de Pessoas com Cada Pontuação
Percentil de Números Respondidos
Sua Pontuação Histórica
Você não jogou esse quiz